Normal view
MARC view
Entry Personal Name
001 - CONTROL NUMBER
- control field: 41487
003 - CONTROL NUMBER IDENTIFIER
- control field: ARRUPE
005 - DATE AND TIME OF LATEST TRANSACTION
- control field: 20180412100711.0
008 - FIXED-LENGTH DATA ELEMENTS
- fixed length control field: 180412|| aca||aabn | a|a d
040 ## - CATALOGING SOURCE
- Original cataloging agency: ARRUPE
- Transcribing agency: ARRUPE
100 ## - HEADING--PERSONAL NAME
- Personal name: Lusambu Kauy Mutombo.
670 ## - SOURCE DATA FOUND
- Source citation: Work cat.: (ARRUPE)0: Lengelo Guyigisa. 41482, Les maƮtresses du feu et de la cuisine :, 1983.